[Event "Classics GMA"]
[Site "Gausdal NOR"]
[Date "2006.04.29"]
[Round "7"]
[White "Romanishin,O"]
[Black "Kulaots,K"]
[Result "1/2-1/2"]
[WhiteElo "2552"]
[BlackElo "2557"]

1.d4 Nf6 2.Nf3 d5 3.c4 c6 4.Nc3 dxc4 5.a4 Bf5 6.e3 e6 7.Bxc4 Bb4 8.O-O Nbd7
9.Qe2 Bg4 10.Rd1 Qa5 11.e4 Qh5 12.h3 Bxf3 13.Qxf3 Qxf3 14.gxf3 O-O 15.Be3 Rfd8
16.Be2 a5 17.Na2 Be7 18.Nc1 Ne8 19.Nb3 Bb4 20.Bf4 h6 21.Nc1 Kf8 22.Nd3 Bd6
23.Be3 Nc7 24.f4 Be7 25.Ne5 Nf6 26.Bf3 Na6 27.Rdc1 Nb4 28.Kf1 Bd6 29.Ke2 Bc7
30.Rc3 Ne8 31.Nd3 Nxd3 32.Rxd3 Bd6 33.d5 exd5 34.exd5 c5 35.Rb3 Rab8 36.Rb6 Ke7
37.Rc1 Rdc8 38.Bg4 Rc7 39.Bd2 Nf6 40.Bf3 Nd7 41.Rb5 b6 42.Rg1 Kf8 43.Kf1 Ra7
44.Bc3 Nf6 45.Bxf6  1/2-1/2

[Event "2nd Halkidiki Open"]
[Site "Kalithea GRE"]
[Date "2006.04.29"]
[Round "7"]
[White "Andronis,V"]
[Black "Galunov,T"]
[Result "0-1"]
[WhiteElo "2069"]
[BlackElo "2307"]

1.d4 d5 2.c4 c6 3.Nf3 Nf6 4.Nc3 dxc4 5.a4 Bf5 6.e3 e6 7.Bxc4 Bb4 8.O-O O-O
9.Qe2 Nbd7 10.e4 Bg6 11.e5 Nd5 12.Ne4 h6 13.Kh1 a5 14.Rg1 c5 15.Rd1 cxd4
16.Rxd4 Nc5 17.Nd6 Qe7 18.Rg4 Nb6 19.Nh4 Nxc4 20.Qxc4 Bd3 21.Qf4 g5 22.Qg3 f6
23.Be3 Bh7 24.Rxb4 axb4 25.Bxc5 Qc7 26.Bxb4 Rxa4 27.Ba3 Rxh4 28.exf6 Bg6
29.b3 Ra8 30.Nb5 Qxg3 31.fxg3 Rb4 32.Nc7 Ra5 33.Bb2 Rxa1+ 34.Bxa1 Rxb3 35.Bd4 Rb1+
36.Bg1 Kf7 37.h4 b5 38.Kh2 b4 39.Bd4 b3 40.Nb5 Rd1 41.Bc3 g4 42.Nd4 Rc1 43.Bb2 Rb1
44.Ba3 b2 45.h5 Rh1+ 46.Kxh1 b1=Q+ 47.Kh2 Be4 48.Ne2 Qa2  0-1

[Event "4th TCh-SCG"]
[Site "Vrnjacka Banja SCG"]
[Date "2006.05.02"]
[Round "2"]
[White "Popov,Si1"]
[Black "Raicevic,M"]
[Result "1-0"]
[WhiteElo "2481"]
[BlackElo "2348"]

1.d4 d5 2.c4 c6 3.Nc3 Nf6 4.Nf3 dxc4 5.a4 Bf5 6.e3 e6 7.Bxc4 Nbd7 8.O-O Bb4
9.Nh4 Bg4 10.f3 Bh5 11.g4 Nd5 12.Ng2 Bg6 13.Bd2 a5 14.e4 Qb6 15.exd5 Qxd4+
16.Ne3 exd5 17.Be2 Qb6 18.Kg2 d4 19.Nc4 Qc7 20.Ne4 Be7 21.Be1 Bxe4 22.Bg3 Qd8
23.fxe4 Nc5 24.Ne5 Nxe4 25.Bc4 Qb6 26.Bxf7+ Kd8 27.Nc4 Qc5 28.Rf5 Qb4 29.Qxd4+  1-0

[Event "4th TCh-SCG"]
[Site "Vrnjacka Banja SCG"]
[Date "2006.05.02"]
[Round "2"]
[White "Tadic,B"]
[Black "Solak,D"]
[Result "1/2-1/2"]
[WhiteElo "2501"]
[BlackElo "2562"]

1.d4 d5 2.Nf3 Nf6 3.c4 c6 4.Nc3 dxc4 5.a4 Bf5 6.e3 e6 7.Bxc4 Bb4 8.O-O Nbd7
9.Qb3 a5 10.Na2 Be7 11.Qxb7 Rb8 12.Qa6 Ra8 13.Qxc6  1/2-1/2

[Event "Geller Mem"]
[Site "Moscow RUS"]
[Date "2006.05.11"]
[Round "11"]
[White "Dvalishvili,P"]
[Black "Glek,I"]
[Result "1/2-1/2"]
[WhiteElo "2455"]
[BlackElo "2560"]

1.d4 d5 2.c4 c6 3.Nf3 Nf6 4.Nc3 dxc4 5.a4 Bf5 6.e3 e6 7.Bxc4 Bb4 8.Bd2 O-O
9.O-O a5 10.h3 Nbd7 11.Qe2 Bg6 12.Nh4 Bh5  1/2-1/2

[Event "1st Open"]
[Site "Sofia BUL"]
[Date "2006.05.12"]
[Round "2"]
[White "Grigorov,G"]
[Black "Kirov,D"]
[Result "1-0"]
[WhiteElo "2407"]
[BlackElo "2150"]

1.d4 d5 2.Nf3 Nf6 3.c4 c6 4.Nc3 dxc4 5.a4 Bf5 6.e3 e6 7.Bxc4 Bb4 8.O-O O-O
9.Nh4 Bg4 10.f3 Bh5 11.g4 Bg6 12.Nxg6 hxg6 13.e4 Qb6 14.Kh1 Nbd7 15.Be3 Rad8
16.Qb3 c5 17.d5 Bxc3 18.Qxc3 exd5 19.exd5 Rfe8 20.Bf4 a6 21.Rfe1 Qb4 22.Qxb4 cxb4
23.Bc7 Rc8 24.d6 Ne5 25.g5 Nxc4 26.gxf6 Nxd6 27.Bxd6 gxf6 28.Bxb4 Rxe1+ 29.Rxe1 Kg7
30.Bc3 g5 31.a5 Rc6 32.Kg2 b6 33.axb6 Rxb6 34.Re7 Kg6 35.Kf2 f5 36.Ke3 Rd6
37.Rb7 f6 38.Bd4 Re6+ 39.Kd3  1-0

[Event "1st Open"]
[Site "Sofia BUL"]
[Date "2006.05.14"]
[Round "5"]
[White "Ristic,Neb2"]
[Black "Kirov,D"]
[Result "1/2-1/2"]
[WhiteElo "2267"]
[BlackElo "2150"]

1.d4 d5 2.c4 c6 3.Nf3 Nf6 4.Nc3 dxc4 5.a4 Bf5 6.Ne5 e6 7.Nxc4 Bb4 8.Bg5 h6
9.Bh4 O-O 10.e3 Nbd7 11.Be2 c5 12.O-O cxd4 13.exd4 Be7 14.Bf3 Nb6 15.Na5 Nbd5
16.Nxb7 Qb6 17.Nxd5 exd5 18.Bxf6 Bxf6 19.Bxd5 Rab8 20.Qf3 Be6 21.Be4 Bxd4
22.a5 Qxb2 23.Rab1 Qa2 24.Rfd1 Bf6 25.Qe3 Rfc8 26.Qxa7 Bb3 27.Rf1 Bc4 28.Rfc1 Bb2
29.Rd1 Bb3 30.Rf1 f5 31.Bf3 Kh7 32.Qb6 Rc2 33.a6 Bc4 34.Rfd1 Bxa6 35.Bd5 Qa4  1/2-1/2

[Event "ch-UKR sf"]
[Site "Alushta UKR"]
[Date "2006.05.16"]
[Round "4"]
[White "Ljahovetsky,I"]
[Black "Shepotilo,V"]
[Result "1/2-1/2"]
[WhiteElo "2040"]
[BlackElo "2219"]

1.d4 d5 2.c4 c6 3.Nc3 Nf6 4.Nf3 dxc4 5.a4 Bf5 6.e3 Nbd7 7.Bxc4 Qc7 8.b4 e5
9.Qb3 Bg6 10.Ng5 Nb6 11.dxe5 Nxc4 12.exf6 Ne5 13.O-O Ng4 14.Nf3 Nxf6 15.Bb2 Be7
16.Rac1 a6 17.Ne2 Be4 18.Nf4 O-O 19.Ng5 Bf5 20.Bxf6 Bxf6 21.Nd5 Qd8 22.Nxf6+ Qxf6
23.Nf3 Rad8  1/2-1/2

[Event "ch-UKR sf"]
[Site "Alushta UKR"]
[Date "2006.05.20"]
[Round "8"]
[White "Kurochkin,Val"]
[Black "Shepotilo,V"]
[Result "0-1"]
[WhiteElo "2078"]
[BlackElo "2219"]

1.d4 d5 2.Nf3 Nf6 3.c4 c6 4.Nc3 dxc4 5.a4 Bf5 6.e3 e6 7.Bxc4 Nbd7 8.O-O Bb4
9.Qe2 Bg6 10.Na2 Be7 11.b4 O-O 12.Bd2 Ne4 13.Rfd1 Bh5 14.Be1 Ng5 15.e4 Bd6
16.e5 Bc7 17.Qe3 Nxf3+ 18.gxf3 Nb6 19.Bb3 Nd5 20.Bxd5 cxd5 21.Rd3 f6 22.f4 fxe5
23.dxe5 g5 24.Qh3 Qe8 25.Rc1 Bd8 26.fxg5 Bg6 27.Rg3 Rf5 28.Qh6 Be7 29.Bd2 Rxe5
30.Rc7 Bf8 31.Qh4 Re4 32.Rg4 Bd6 33.Rxb7 Qc6 34.Rxh7 Rxg4+ 35.Qxg4 Kxh7 36.Qh4+ Kg8
37.Qh6 Kf7 38.Bc3 d4 39.Bxd4 e5 40.h4 Bf8  0-1

[Event "3rd All-China Games"]
[Site "Suzhou CHN"]
[Date "2006.05.21"]
[Round "3"]
[White "Huang Qian"]
[Black "Xu Yuanyuan"]
[Result "1-0"]
[WhiteElo "2391"]
[BlackElo "2405"]

1.d4 d5 2.Nf3 Nf6 3.c4 c6 4.Nc3 dxc4 5.a4 Bf5 6.Ne5 Nbd7 7.Nxc4 Qc7 8.g3 e5
9.dxe5 Nxe5 10.Bf4 Nfd7 11.Bg2 f6 12.O-O Nc5 13.Ne3 Be6 14.b4 Nb3 15.Ncd5 cxd5
16.Qxb3 Qf7 17.Bxd5 Bxd5 18.Nxd5 Bd6 19.Rfd1 O-O 20.Nxf6+ gxf6 21.Qxf7+ Nxf7
22.Bxd6 Rfe8 23.Kf1 Re4 24.Bc5 Rc8 25.f3 Re6 26.Rac1 Rce8 27.Rd2 Rc8 28.Rdd1 Rce8
29.e3 Ne5 30.Kg2 b6 31.Bd6 Ng6 32.e4 h5 33.Bc7 h4 34.b5 R8e7 35.Rd8+ Re8
36.Rxe8+ Rxe8 37.Bd6 Rd8 38.Rc6 Kf7 39.Kh3 hxg3 40.hxg3 Ke8 41.Kg4 Nh8 42.Bf4 Nf7
43.Kf5 Rd3 44.Kxf6 Rxf3 45.Rc7 Nd6  1-0

[Event "3rd All-China Games"]
[Site "Suzhou CHN"]
[Date "2006.05.21"]
[Round "4"]
[White "Xu Jun"]
[Black "Yu Lie"]
[Result "0-1"]
[WhiteElo "2591"]
[BlackElo "2334"]

1.d4 d5 2.c4 c6 3.Nf3 Nf6 4.Nc3 dxc4 5.a4 Bf5 6.Ne5 Nbd7 7.Nxc4 Nd5 8.g3 e5
9.dxe5 N7b6 10.Nd6+ Bxd6 11.exd6 Qxd6 12.Bg2 O-O-O 13.a5 Qe5 14.Qb3 Nxc3
15.Qxc3 Qxc3+ 16.bxc3 Nd5 17.Bb2 Rhe8 18.Rd1 Bg4 19.f3 Ne3 20.Rxd8+ Kxd8
21.Bf1 Bxf3 22.exf3 Nc4+ 23.Kd1 Nxb2+ 24.Kc2 Na4 25.Kb3 Nc5+ 26.Kc4 Nd7 27.Kd4 Re1
28.Bg2 Re2 29.Bf1 Rd2+ 30.Ke3 Rd1 31.Bg2 Rxh1 32.Bxh1 Nc5 33.f4 Kc7 34.Bf3 Nb3
35.a6 b5 36.Be2 Nc5 37.Kd4 Kd6  0-1

[Event "3rd All-China Games"]
[Site "Suzhou CHN"]
[Date "2006.05.25"]
[Round "10"]
[White "Zhou Jianchao"]
[Black "Ruan Lufei"]
[Result "1-0"]
[WhiteElo "2525"]
[BlackElo "2370"]

1.d4 d5 2.c4 c6 3.Nc3 Nf6 4.Nf3 dxc4 5.a4 Bf5 6.e3 e6 7.Bxc4 Bb4 8.O-O Nbd7
9.Nh4 Bg6 10.Qb3 a5 11.Nxg6 hxg6 12.h3 Qc7 13.e4 O-O 14.Be3 e5 15.Qc2 Rad8
16.dxe5 Nxe5 17.Ba2 Qe7 18.f4 Bc5 19.Qe2 Nd3 20.e5 Nh5 21.Kh2 Qh4 22.Bxc5 Qg3+
23.Kg1 Nxc5 24.Rf3 Qh4 25.Raf1 Ne6 26.Bxe6 fxe6 27.Qe3 g5 28.fxg5 Rxf3 29.Rxf3 Qd4
30.Ne2 Qxe3+ 31.Rxe3 g6 32.g4 Ng7 33.Rb3 Rd5 34.Rxb7 Rxe5 35.Nf4 Rxg5 36.Kf2 e5
37.Rxg7+ Kxg7 38.Ne6+ Kf6 39.Nxg5 Kxg5 40.Kg3 Kf6 41.h4 g5 42.h5 e4 43.Kf2  1-0

[Event "37th Olympiad w"]
[Site "Turin ITA"]
[Date "2006.05.27"]
[Round "6"]
[White "Gonchar,S"]
[Black "Laubscher,A"]
[Result "0-1"]
[WhiteElo "1916"]
[BlackElo "1856"]

1.d4 d5 2.c4 c6 3.Nc3 Nf6 4.Nf3 dxc4 5.a4 Bf5 6.e3 e6 7.Bxc4 Nbd7 8.O-O Bb4
9.Bd3 Bxd3 10.Qxd3 Qc7 11.e4 e5 12.Bg5 exd4 13.Qxd4 Bxc3 14.Qxc3 O-O 15.Rfe1 Rfe8
16.Bxf6 Nxf6 17.e5 Nd5 18.Qd4 Qb6 19.a5 Qxd4 20.Nxd4 g6 21.g3 Rad8 22.a6 Nb4
23.axb7 Rxd4 24.Rxa7 Rdd8 25.Rea1 Rb8 26.Ra8 Kg7 27.f4 Nd5 28.R1a6 Nc7 29.Rxb8 Rxb8
30.Rxc6 Rxb7 31.Rc2 Nd5 32.Kf2 Nb6 33.b3 Nd5 34.Rb2 Nc3 35.Kf3 Na4 36.Rb1 Nc5
37.b4 Na6 38.Ke4 Rxb4+ 39.Rxb4 Nxb4 40.g4 Nc6 41.h4 Ne7 42.f5 gxf5+ 43.gxf5 Kh6
44.Kf4 Kh5 45.Ke4 Kxh4 46.f6 Ng6 47.Kf5 Nxe5  0-1

[Event "28th Nezhmetdinov mem"]
[Site "Kazan RUS"]
[Date "2006.06.04"]
[Round "4"]
[White "Gleizerov,E"]
[Black "Rodchenkov,S"]
[Result "1-0"]
[WhiteElo "2562"]
[BlackElo "2396"]

1.d4 d5 2.c4 c6 3.Nf3 Nf6 4.Nc3 dxc4 5.a4 Bf5 6.e3 e6 7.Bxc4 Bb4 8.O-O O-O
9.Nh4 Nbd7 10.Nxf5 exf5 11.Qc2 Nb6 12.Be2 Qd7 13.a5 Nbd5 14.Bd2 Nxc3 15.bxc3 Bd6
16.Rfb1 Ne4 17.Be1 Rfe8 18.Bd3 g6 19.f3 Nf6 20.e4 fxe4 21.fxe4 Bf8 22.a6 b6
23.Bh4 Be7 24.e5 Nd5 25.Bf2 Rf8 26.Be4 Rad8 27.c4 Nb4 28.Qc3 c5 29.d5 Rfe8
30.Rf1 Bf8 31.Bh4 Bg7 32.Bf6 Bxf6 33.Rxf6 Qg4 34.Re1 Qg5 35.Bf3 b5 36.e6 fxe6
37.Rfxe6 Rxe6 38.dxe6 bxc4 39.Qxc4 Qe7 40.h4 Rd4 41.Qb5 Nd3 42.Qb7 Kf8 43.Rf1 Rf4
44.Qd5 c4 45.Qa8+ Kg7 46.Qb7 Kf6 47.g3 Rf5 48.g4 Qc5+ 49.Kh1 Rf4 50.e7 Qxe7
51.g5+ Kf7 52.Bd5+ Ke8 53.Bc6+ Kf8 54.Rxf4+ Nxf4 55.Qb8+ Kg7 56.Qxf4 Qe1+
57.Kh2 Qe2+ 58.Bg2  1-0

[Event "28th Nezhmetdinov mem"]
[Site "Kazan RUS"]
[Date "2006.06.04"]
[Round "4"]
[White "Sadykova,A"]
[Black "Gazizov,R"]
[Result "1-0"]
[WhiteElo "2114"]
[BlackElo "2254"]

1.d4 d5 2.c4 c6 3.Nf3 Nf6 4.Nc3 dxc4 5.a4 Bf5 6.Ne5 Nbd7 7.Nxc4 e6 8.Bf4 Nb6
9.e3 Bb4 10.Qb3 Nbd5 11.Be5 O-O 12.Bxf6 Qxf6 13.Be2 Qe7 14.O-O Rfd8 15.Bf3 h6
16.e4 Bxc3 17.bxc3  1-0

[Event "21st Schachtage"]
[Site "Hassloch GER"]
[Date "2006.06.05"]
[Round "6"]
[White "Galbraith,M"]
[Black "Merkel,M"]
[Result "1/2-1/2"]
[WhiteElo "2074"]
[BlackElo "2207"]

1.d4 d5 2.Nf3 Nf6 3.c4 c6 4.Nc3 dxc4 5.a4 Bf5 6.e3 e6 7.Bxc4 Bb4 8.O-O Nbd7
9.Nh4 O-O 10.Nxf5 exf5 11.Qb3 Bd6 12.g3 Nb6 13.Bd3 Qd7 14.Bd2 Nbd5 15.Nxd5 Nxd5
16.Rfe1 Rfe8 17.Kg2 a5  1/2-1/2

[Event "FSGM June"]
[Site "Budapest HUN"]
[Date "2006.06.11"]
[Round "8"]
[White "Kovacs,Ga2"]
[Black "Jakab,A"]
[Result "0-1"]
[WhiteElo "2456"]
[BlackElo "2414"]

1.d4 d5 2.c4 c6 3.Nf3 Nf6 4.Nc3 dxc4 5.a4 Bf5 6.Ne5 Nbd7 7.Nxc4 Nb6 8.Ne5 a5
9.Bg5 h6 10.Bh4 e6 11.e4 Bh7 12.f3 Be7 13.Bf2 O-O 14.Be2 Nfd7 15.Nxd7 Nxd7
16.O-O Kh8 17.Qb3 e5 18.d5 Nc5 19.Qc4 cxd5 20.Nxd5 Rc8 21.Nxe7 Qxe7 22.Rac1 Ne6
23.Qxc8 Rxc8 24.Rxc8+ Bg8 25.Rd1 Kh7 26.Bb5 Qb4 27.Rb8 Qb3 28.Rd2 f6 29.Rxb7 Nd4
30.Ba6 Qxa4 31.Bxd4 exd4 32.Rb6 Bc4 33.Bxc4 Qxc4 34.Rf2 d3 35.Rb7  0-1

[Event "10th Heraclion Open"]
[Site "Athens GRE"]
[Date "2006.06.13"]
[Round "4"]
[White "Leodiadis,K"]
[Black "Syfantos,N"]
[Result "0-1"]
[WhiteElo "2048"]
[BlackElo "1847"]

1.d4 d5 2.Nf3 Nf6 3.c4 c6 4.Nc3 dxc4 5.a4 Bf5 6.a5 e6 7.Qa4 Na6 8.Na2 Be7
9.e3 O-O 10.Bxc4 Nc7 11.Ne5 Be4 12.f3 Bd5 13.Bd2 Nd7 14.O-O Nxe5 15.Bxd5 Qxd5
16.Bb4 Ng6 17.Bxe7 Nxe7 18.Qb4 c5 19.dxc5 Na6 20.Qc3 Qxc5 21.Qxc5 Nxc5 22.Rac1 Rac8
23.Rfd1 Nd5 24.b4 Na6 25.Rxc8 Rxc8 26.Rd4 h6 27.e4 Nf6 28.b5 Nb8 29.Nb4 Kf8
30.Kf2 Ke7 31.g4 e5 32.Rd3 Rc4 33.b6 axb6 34.Nd5+ Nxd5 35.Rxd5 Rc5  0-1

[Event "Open A"]
[Site "Voronezh RUS"]
[Date "2006.06.13"]
[Round "2"]
[White "Zakharevich,I"]
[Black "Nadeev,S"]
[Result "1/2-1/2"]
[WhiteElo "2523"]
[BlackElo "2307"]

1.d4 d5 2.Nf3 Nf6 3.c4 c6 4.Nc3 dxc4 5.a4 Bf5 6.e3 e6 7.Bxc4 Bb4 8.O-O O-O
9.Qe2 Nbd7 10.e4 Bg6 11.Bd3 Bh5 12.e5 Nd5 13.Nxd5 cxd5 14.Qe3 Be7 15.Bd2 a5
16.Rfc1 Nb8 17.Ng5  1/2-1/2

[Event "III Muhamedzjanov Mem"]
[Site "Nabereshnye Chelny RUS"]
[Date "2006.06.14"]
[Round "5"]
[White "Mingachev,M"]
[Black "Alavkin,A"]
[Result "0-1"]
[WhiteElo "2359"]
[BlackElo "2485"]

1.d4 d5 2.c4 c6 3.Nc3 Nf6 4.Nf3 dxc4 5.a4 Bf5 6.e3 e6 7.Bxc4 Bb4 8.O-O Nbd7
9.Qe2 Bg4 10.Rd1 Qa5 11.Bd2 Qh5 12.h3 Bxf3 13.Qxf3 Qxf3 14.gxf3 a5 15.Kf1 O-O
16.Ke2 Rfd8 17.e4 c5 18.dxc5 Rac8 19.c6 Rxc6 20.Bb5 Rcc8 21.Bg5 Ne5 22.Rxd8+ Rxd8
23.Rg1 Kf8 24.f4 Rd2+ 25.Kxd2 Nf3+ 26.Kc2 Nxg1 27.Bxf6 gxf6 28.Bf1 Nf3 29.Kd3 Ke7
30.Bg2 Ne1+  0-1

[Event "III Muhamedzjanov Mem"]
[Site "Nabereshnye Chelny RUS"]
[Date "2006.06.15"]
[Round "7"]
[White "Zhidkov,V"]
[Black "Skatchkov,P"]
[Result "0-1"]
[WhiteElo "2416"]
[BlackElo "2465"]

1.d4 d5 2.c4 c6 3.Nc3 Nf6 4.Nf3 dxc4 5.a4 Bf5 6.e3 e6 7.Bxc4 Bb4 8.O-O O-O
9.Qe2 Bg6 10.Ne5 Nbd7 11.Nxg6 hxg6 12.Bd2 Qa5 13.Rfd1 Rad8 14.Qe1 e5 15.Ne4 Bxd2
16.Nxf6+ Nxf6 17.Qxd2 Qxd2 18.Rxd2 exd4 19.exd4 Rd7 20.f3 Rfd8 21.Rad1 a5
22.Kf2 g5 23.b3 Kf8 24.Re1 Re8 25.Rxe8+ Nxe8 26.Re2 Re7 27.Re5 Rxe5 28.dxe5 Ke7
29.Ke3 g6 30.Kd4 b6 31.g3 Ng7 32.Ke4 Nf5 33.f4 gxf4 34.Kxf4 Nd4 35.h4 b5
36.axb5 cxb5 37.Bd5 Ne2+ 38.Kf3 Nc3 39.Bc6 a4 40.bxa4 bxa4  0-1

[Event "III Muhamedzjanov Mem"]
[Site "Nabereshnye Chelny RUS"]
[Date "2006.06.17"]
[Round "10"]
[White "Kupreichik,V"]
[Black "Alavkin,A"]
[Result "1/2-1/2"]
[WhiteElo "2455"]
[BlackElo "2485"]

1.d4 d5 2.Nf3 Nf6 3.c4 c6 4.Nc3 dxc4 5.a4 Bf5 6.e3 e6 7.Bxc4 Bb4 8.O-O Nbd7
9.Qb3 a5 10.Na2 Be7 11.Nh4 Be4 12.Nc3  1/2-1/2

[Event "ch-FIN"]
[Site "Helsinki FIN"]
[Date "2006.06.18"]
[Round "9"]
[White "Luukkonen,T"]
[Black "Topi Hulmi,T"]
[Result "0-1"]
[WhiteElo "2193"]
[BlackElo "2281"]

1.d4 d5 2.c4 c6 3.Nf3 Nf6 4.Nc3 dxc4 5.a4 Bf5 6.e3 e6 7.Bxc4 Bb4 8.O-O Nbd7
9.Qe2 Bg6 10.e4 Bxc3 11.bxc3 Nxe4 12.Ba3 Qc7 13.Rac1 O-O-O 14.Ne5 Nxe5 15.dxe5 Rd2
16.Qe3 Qb6 17.Qf4 Rhd8 18.Rb1 Qc7 19.Qe3 Qxe5 20.Ba6 bxa6 21.Qxa7 Nc5 22.Bxc5 Bxb1
23.Qxa6+ Kd7 24.Qb7+ Qc7 25.Qxb1 Rb8 26.Qxh7 Qe5 27.Be3 Rd5 28.c4 Qh5 29.Qc2 Qf5
30.Qc3 Rd6 31.a5 Rb1 32.Bc1 Qd3 33.Qe1 Qxc4 34.Qe3 Qd4 35.Qf3 Qf6 36.Qa3 Qa1
37.Qc5 Qd4 38.Qh5 g6 39.Qf3 Ke8 40.a6 Rd5 41.g4 Qa1 42.Qf4 Qxa6 43.h4 Qa1
44.Kg2 Qd4 45.Qg3 Qe4+ 46.f3  0-1

[Event "Open A"]
[Site "Voronezh RUS"]
[Date "2006.06.18"]
[Round "6"]
[White "Zakharevich,I"]
[Black "Tarlev,K"]
[Result "1/2-1/2"]
[WhiteElo "2523"]
[BlackElo "2419"]

1.d4 d5 2.Nf3 Nf6 3.c4 dxc4 4.Nc3 c6 5.a4 Bf5 6.e3 e6 7.Bxc4 Bb4 8.O-O O-O
9.Qe2 Nbd7 10.e4 Bg6 11.Bd3 Bh5 12.e5 Nd5 13.Nxd5 cxd5 14.Qe3 Be7 15.Bd2 Rc8
16.Rfc1  1/2-1/2

[Event "Open A"]
[Site "Voronezh RUS"]
[Date "2006.06.18"]
[Round "6"]
[White "Chernov,Vl2"]
[Black "Khashimov,V"]
[Result "1-0"]
[WhiteElo "2070"]
[BlackElo "2232"]

1.d4 d5 2.c4 c6 3.Nc3 Nf6 4.Nf3 dxc4 5.a4 Bf5 6.e3 e6 7.Bxc4 Bb4 8.O-O h6
9.Qe2 O-O 10.Rd1 Nbd7 11.e4 Bh7 12.e5 Ne8 13.g4 Be7 14.Ne4 Nb6 15.Bb3 Nd5
16.Bc2 Nb4 17.Bb1 Bg6 18.g5 h5 19.Nh4 Nc7 20.Nxg6 fxg6 21.Nf6+ gxf6 22.Bxg6 Kg7
23.Qxh5 Rh8 24.gxf6+ Bxf6 25.Qg4 Kf8 26.exf6 Qxf6 27.Rd3 Rg8 28.Rf3 Rxg6
29.Rxf6+ Rxf6 30.Bg5 Rf5 31.h4 Kg7 32.h5 Kh7 33.Qe4 Rg8 34.f4 Nbd5 35.Kh2 Nxf4
36.Bxf4 Rg4 37.Qxf5+ exf5 38.Bxc7 Rh4+ 39.Kg3 Rxh5  1-0

[Event "20th Open"]
[Site "Pula CRO"]
[Date "2006.06.19"]
[Round "2"]
[White "Tratar,M"]
[Black "Kekic,A"]
[Result "1/2-1/2"]
[WhiteElo "2499"]
[BlackElo "2213"]

1.Nf3 d5 2.d4 Nf6 3.c4 c6 4.Nc3 dxc4 5.a4 Bf5 6.Ne5 Nbd7 7.Nxc4 Nb6 8.e3 e6
9.f3 Bb4 10.Qb3 a5 11.Nxb6 Qxb6 12.Bc4 O-O 13.g4 Bg6 14.Bd2 c5 15.g5 Nd7
16.Ne2 cxd4 17.Bxb4 axb4 18.exd4 Qd6 19.Bb5 Nb6 20.Rc1 Rac8 21.O-O Nd5 22.Bc4 Nf4
23.Qe3 Nxe2+ 24.Bxe2 Bc2 25.Bb5 Rfd8 26.Rf2 b3 27.Rd2 Qb4 28.Bd3 Qxa4 29.Be4 Rc7
30.d5 Rcd7 31.Re2 Bxe4 32.Qxe4 Qxe4 33.fxe4 exd5 34.Rc3 dxe4 35.Rxe4 Rd1+
36.Kf2 R1d2+ 37.Re2 g6 38.Rxb3 Rxe2+ 39.Kxe2 Rd7 40.Ke3 h6 41.h4 hxg5 42.hxg5 Rd5
43.Rxb7 Rxg5 44.b4 Rg1 45.b5 Rb1 46.Kd4 Kg7 47.b6 g5 48.Kc5  1/2-1/2

[Event "ch-NED"]
[Site "Hilversum NED"]
[Date "2006.06.20"]
[Round "4"]
[White "Werle,J"]
[Black "Smeets,J"]
[Result "1-0"]
[WhiteElo "2529"]
[BlackElo "2535"]

1.Nf3 d5 2.d4 c6 3.c4 Nf6 4.Nc3 dxc4 5.a4 Bf5 6.Ne5 Nbd7 7.Nxc4 Nb6 8.Ne5 a5
9.g3 e6 10.Bg2 Bb4 11.O-O O-O 12.e3 h6 13.g4 Bh7 14.f4 Nfd5 15.Ne4 Nd7 16.Nd3 Qe7
17.Nxb4 Nxb4 18.b3 Bxe4 19.Bxe4 f5 20.Bg2 Qh4 21.gxf5 exf5 22.Ba3 Rfe8 23.Bxb4 axb4
24.Qd3 Qf6 25.d5 Nb8 26.Qc4 Qf7 27.Rfd1 Rxe3 28.dxc6 Qxc4 29.Rd8+ Kh7 30.bxc4 bxc6
31.Bxc6 Nxc6 32.Rxa8 Re2 33.Rd1 b3 34.Ra6 b2 35.Rxc6 Rc2 36.Rb6 Rc1 37.Rf1  1-0

[Event "Open A"]
[Site "Balatonlelle HUN"]
[Date "2006.06.21"]
[Round "5"]
[White "Kragelj,I"]
[Black "Metaxasz,V"]
[Result "1/2-1/2"]
[WhiteElo "2260"]
[BlackElo "2127"]

1.d4 d5 2.c4 c6 3.Nf3 Nf6 4.Nc3 dxc4 5.a4 Bf5 6.Ne5 Nbd7 7.Nxc4 Qc7 8.g3 e5
9.dxe5 Nxe5 10.Bf4 Nfd7 11.Bg2 f6 12.O-O Be7 13.Qc1 O-O 14.Nxe5 Nxe5 15.Nd5 Qd6
16.Nxe7+ Qxe7 17.Qc3 Rfd8 18.Rfd1 h6 19.h3 Bg6 20.Be3 Bf7 21.Rd4 a6 22.Rad1 Nc4
23.Rxd8+ Rxd8 24.Rxd8+ Qxd8 25.Bd4 Nb6 26.Qb4 Nc4 27.Qc3 Nb6 28.Qb4 Nc4  1/2-1/2

[Event "20th Open"]
[Site "Pula CRO"]
[Date "2006.06.21"]
[Round "4"]
[White "Bhat,V"]
[Black "Kekic,A"]
[Result "1/2-1/2"]
[WhiteElo "2409"]
[BlackElo "2213"]

1.d4 d5 2.c4 c6 3.Nc3 Nf6 4.Nf3 dxc4 5.a4 Bf5 6.Ne5 Nbd7 7.Nxc4 Nb6 8.Ne5 a5
9.g3 e6 10.Bg2 Nfd7 11.Nd3 Be7 12.O-O O-O 13.e4 Bg6 14.f4 h6 15.Be3 f5 16.Qb3 Kh8
17.Ne5 Nxe5 18.dxe5 Bb4 19.Rfd1 Qc7 20.Rac1 fxe4 21.Nb5 Qe7 22.Bxb6 cxb5
23.Rc7 bxa4 24.Qxa4 Qe8 25.Qxe8 Raxe8 26.Rdd7 Rg8 27.Kf2 Rd8 28.Ke3 Rxd7
29.Rxd7 Rc8 30.Bxe4 Bxe4 31.Kxe4 Rc2 32.Rxb7 Rxh2 33.b3 Re2+ 34.Kf3 Rb2 35.Kg4 Be1
36.f5 exf5+ 37.Kxf5 Rxb3 38.e6 Rb5+ 39.Kg6 Rg5+ 40.Kf7 Rf5+ 41.Ke8 Bxg3 42.Bd4 Rg5
43.Rd7 Be1 44.Rb7 Bb4 45.Kf7 Rf5+ 46.Kg6 Rg5+ 47.Kf7 Rf5+ 48.Kg6 Rg5+ 49.Kf7  1/2-1/2

[Event "20th Open"]
[Site "Pula CRO"]
[Date "2006.06.21"]
[Round "5"]
[White "Kuljasevic,D"]
[Black "Nikolov,Sas"]
[Result "1-0"]
[WhiteElo "2408"]
[BlackElo "2354"]

1.d4 d5 2.c4 c6 3.Nf3 Nf6 4.Nc3 dxc4 5.a4 Bf5 6.Ne5 e6 7.f3 Bb4 8.e4 Bxe4
9.fxe4 Nxe4 10.Bd2 Qxd4 11.Nxe4 Qxe4+ 12.Qe2 Bxd2+ 13.Kxd2 Qd5+ 14.Kc2 Na6
15.Nxc4 O-O 16.Qe5 Rac8 17.a5 Rfd8 18.Be2 f6 19.Qe3 Qf5+ 20.Kc3 Nc7 21.Kb3 Nb5
22.Rad1 e5 23.g4 Qe6 24.Ka2 Nd4 25.Kb1 c5 26.Rhg1 Nxe2 27.Qxe2 Rd4 28.Ne3 Ra4
29.Rd5 Rxa5 30.Nf5 Ra4 31.Rgd1 h6 32.h3 e4 33.Qb5 Rd4 34.R1xd4 cxd4 35.Qxb7  1-0

[Event "Open A"]
[Site "Balatonlelle HUN"]
[Date "2006.06.22"]
[Round "6"]
[White "Kragelj,I"]
[Black "Gross,Mark"]
[Result "1-0"]
[WhiteElo "2260"]
[BlackElo "2106"]

1.d4 d5 2.c4 c6 3.Nf3 Nf6 4.Nc3 dxc4 5.a4 Bf5 6.Ne5 Nbd7 7.Nxc4 Nb6 8.Ne5 a5
9.g3 e6 10.Bg2 Bb4 11.O-O O-O 12.e3 Nfd7 13.e4 Bg6 14.Nxg6 hxg6 15.Na2 Qe7
16.Nxb4 axb4 17.Qb3 Qd6 18.Rd1 Rfd8 19.Bg5 Re8 20.a5 Nc8 21.Bd2 c5 22.dxc5 Nxc5
23.Qxb4 Na6 24.Qb3 Nc5 25.Qc3 Na6 26.e5 Qe7 27.h4 Rb8 28.Be3 Qb4 29.Qc2 Ne7
30.Ra4 Qb5 31.Bf1 Qc6 32.Rc4 Qb5 33.Rc5 Qb4 34.Rb5 Qg4 35.Be2 Qf5 36.Bd3 Qg4
37.Be2 Qf5 38.Qxf5 Nxf5 39.Ba7 Rbc8 40.Rxb7 Nc5 41.Bxc5 Rxc5 42.a6  1-0

[Event "Open A"]
[Site "Balatonlelle HUN"]
[Date "2006.06.23"]
[Round "7"]
[White "Banusz,T"]
[Black "Pataki,G"]
[Result "1/2-1/2"]
[WhiteElo "2460"]
[BlackElo "2375"]

1.d4 d5 2.c4 c6 3.Nf3 Nf6 4.Nc3 dxc4 5.a4 Bf5 6.Ne5 Nbd7 7.Nxc4 Qc7 8.g3 e5
9.dxe5 Nxe5 10.Bf4 Nfd7 11.Bg2 g5 12.Bxe5 Nxe5 13.Qd4 f6 14.O-O-O Nxc4 15.Qxc4 Bd6
16.Be4 Bh3 17.Qd3 Be5 18.Bf5 Bxf5 19.Qxf5 Qc8 20.Qe4 O-O 21.h4 g4 22.Qc4+ Kh8
23.Ne4  1/2-1/2

[Event "20th Open"]
[Site "Pula CRO"]
[Date "2006.06.23"]
[Round "7"]
[White "Zivanic,M"]
[Black "Kekic,A"]
[Result "1-0"]
[WhiteElo "2462"]
[BlackElo "2213"]

1.d4 d5 2.c4 c6 3.Nf3 Nf6 4.Nc3 dxc4 5.a4 Bf5 6.Ne5 Nbd7 7.Nxc4 Nb6 8.Ne5 a5
9.Bg5 Nfd7 10.Nxd7 Qxd7 11.e4 Bg6 12.Be3 e6 13.Qb3 Bb4 14.f3 Qe7 15.Be2 O-O
16.O-O Nc8 17.Rad1 Rd8 18.Kh1 Qc7 19.g4 h6 20.Qc2 Be7 21.f4 Bh7 22.f5 exf5
23.gxf5 Nd6 24.Bd3 Ne8 25.Rg1 Kh8 26.Qg2 c5 27.Bb5 Bf8 28.dxc5 Rxd1 29.Rxd1 Bxc5
30.Rd7 Qxd7 31.Bxd7 Bxe3 32.e5 Rb8 33.Qd5 Bg8 34.e6 fxe6 35.Qe5 Ba7 36.Nb5 Rd8
37.fxe6 Bb8 38.Qc5 Bxe6 39.Bxe6 Nf6 40.Qe7 Re8 41.Qxb7 Be5 42.Qa6 Bxb2 43.Nd6 Rb8
44.Qa7 Rf8 45.Qb7  1-0

[Event "Open A"]
[Site "Balatonlelle HUN"]
[Date "2006.06.25"]
[Round "9"]
[White "Repasi,Z1"]
[Black "Metaxasz,V"]
[Result "0-1"]
[WhiteElo "2221"]
[BlackElo "2127"]

1.d4 d5 2.c4 c6 3.Nf3 Nf6 4.Nc3 dxc4 5.a4 Bf5 6.e3 e6 7.Bxc4 Bb4 8.Qb3 a5
9.O-O Qe7 10.Nd2 Na6 11.e4 Bg6 12.e5 Nd5 13.Nde4 h6 14.Ng3 O-O 15.f4 Qh4
16.Nxd5 cxd5 17.Bd3 Rac8 18.Be3 Bxd3 19.Qxd3 Be7 20.Rac1 Nb4 21.Qe2 g6 22.Rc3 Rc6
23.Rxc6 bxc6 24.Rc1 Rb8 25.Rc3 Bf8 26.Nf1 Qd8 27.g4 c5 28.f5 Nc6 29.fxe6 fxe6
30.Qc2 Kh7 31.Rxc5 Bxc5 32.Qxc5 Qd7 33.Qc1 Rb4 34.Qc5 Rc4 35.Qf8 Qg7 36.Qf2 Nb4
37.Nd2 Rc1+ 38.Nf1 Rc2 39.Qh4 g5 40.Qe1 Qg6 41.Bd2 Nd3 42.Qe3 Nxb2 43.Qa3 Nc4
44.Qe7+ Qg7 45.Qxe6 Nxd2 46.Qf5+ Qg6 47.Qd7+ Kh8 48.Qd8+ Kg7 49.Qd7+ Kf8
50.Qd8+ Qe8 51.Qd6+ Kg8 52.Ne3 Nf3+ 53.Kf1 Nxd4 54.Nxc2 Nxc2 55.Ke2 Qc6 56.Qd8+ Kg7
57.Qe7+ Kg6 58.Kd3 Nb4+ 59.Ke2 Qc4+ 60.Ke1 Qe4+  0-1

[Event "II Open"]
[Site "Sort ESP"]
[Date "2006.06.27"]
[Round "2"]
[White "Ribera Bazan,J"]
[Black "Krivoshey,S"]
[Result "0-1"]
[WhiteElo "2133"]
[BlackElo "2531"]

1.d4 d5 2.c4 c6 3.Nf3 Nf6 4.Nc3 dxc4 5.a4 Bf5 6.Ne5 Na6 7.f3 Nd7 8.Nxc4 e5
9.e4 exd4 10.Qxd4 Nb4 11.Ne3 Be6 12.Bc4 Nc5 13.Qxd8+ Rxd8 14.Ke2 Nb3 15.Rb1 Bc5
16.Bxe6 fxe6 17.Rd1 O-O 18.Nc4 Rxd1 19.Nxd1 b5 20.axb5 cxb5 21.Na3 a6 22.Be3 Rd8
23.Bg5 Rd7 24.Nc3 h6 25.Bf4 g5 26.Be3 Bxe3 27.Kxe3 Rd3+ 28.Kf2 Rd2+ 29.Ke3 Nd3
30.Rd1 b4 31.Nc4 bxc3  0-1